| 000 | 00369nam a2200145Ia 4500 | ||
|---|---|---|---|
| 008 | 240624s9999 xx 000 0 und d | ||
| 041 | _aeng | ||
| 082 | _a657.42 KIS | ||
| 100 | _aKISHORE RAVI M | ||
| 245 | _aPROBLEMS AND SOLUTIONS ON COST ACCOUNTIN | ||
| 250 | _a(6th ed.) | ||
| 260 |
_c2009 _aNew Delhi _bTaxmann |
||
| 300 | _a589 : p. : cm. ; 23 | ||
| 365 |
_cRS _b25 |
||
| 999 |
_c14696 _d14696 |
||